000 00535nam a2200169Ia 4500
999 _c37128
_d37128
003 OSt
005 20210123144127.0
008 190216s9999||||xx |||||||||||||| ||und||
020 _a9788172543877
040 _coclc
082 _a332.110954
_bSUB/S
100 _aSubburaj, V V K
_96546
245 0 _aState Bank Of Travancore Recruitment Of Peons /
_cV V K Subburaj
260 _bSura College Of Competition,
_c2014.
_aChennai:
650 _aReferences
942 _cREF
_2ddc
_h332.110954
_iSUB/S
_k332.110954
_mSUB/S